[Event "HCL-M861"]
[Site "www.playchess.de"]
[Date "2006.02.09"]
[Round "7"]
[White "Harijs"]
[Black "anne_t"]
[WhiteElo "1836"]
[BlackElo "1943"]
[PlyCount "112"]
[Result "0-1"]

1.e4 {Hello from Latvia! Good game.}  c5 {Hello :) 
Greetings from Leiden in Holland, a fine match}  
2.Nf3 d6 3.d4 cxd4 4.Nxd4 Nf6 5.Bb5+ Bd7 6.Nc3 
Bxb5 7.Ndxb5 a6 8.Nd4 e6 9.O-O Be7 10.Qf3 O-O 
11.Rd1 Nbd7 12.Qg3 Rc8 13.a4 Qa5 14.h3 Rxc3 
15.Qxc3 Qxc3 16.bxc3 Nxe4 17.Ne2 Rc8 18.Rb1 b6 
19.Rb3 d5 20.Be3 Nec5 21.Bxc5 Rxc5 22.Ra1 h5 
23.Kf1 Rc4 24.Ke1 g6 25.g3 Bc5 26.Nf4 h4 27.Ke2 
Bd6 28.Kf3 hxg3 29.fxg3 Bxf4 30.gxf4 Nc5 31.Rba3 
{Merry Christmas!}  Ne4 {Merry Christmas and a 
Happy New year with a lot of chess fun :)}  32.a5 
b5 {jerk}  33.Rh1 Nxc3 34.Rh2 b4 {A healthy and 
fine 2006 :)}  35.Rb3 {Happy New Year!}  Nb5 
36.Rb2 Nd4+ 37.Ke3 Nc6 38.Rh1 Re4+ 39.Kf3 Nxa5 
40.Kg3 Nc6 41.Ra2 Nd4 42.Rxa6 Re3+ 43.Kg4 Re2 
44.Rg1 Rxc2 45.Rb6 Kg7 46.Rb7 b3 47.h4 b2 48.Rg3 
Ne2 49.Rgb3 Kh6 50.Kh3 Nxf4+ 51.Kg3 e5 52.R3xb2 
Rc3+ 53.Kh2 Rh3+ 54.Kg1 f5 55.Rh2 Kh5 56.Rxh3 
Nxh3+ 0-1

[Event "HCL-B3830"]
[Site "www.playchess.de"]
[Date "2006.02.09"]
[Round "9"]
[White "Bense"]
[Black "Iron_Flower"]
[WhiteElo "1108"]
[BlackElo "1255"]
[PlyCount "65"]
[Result "1-0"]

1.e4 e5 {Hi, from Leeuwarden, the Netherlands}  
2.d3 {Hi.}  Nf6 3.Nf3 Nc6 4.Nbd2 d6 5.h4 Bg4 6.Be2 
Be7 7.c3 O-O 8.Nh2 Bxe2 9.Qxe2 Re8 10.Ndf3 Nh5 
11.g4 Nf4 12.Bxf4 exf4 13.Rg1 Ne5 14.g5 c6 15.d4 
Ng6 16.O-O-O Qa5 17.a3 d5 18.e5 Nf8 19.Qd2 Ne6 
20.Ng4 b6 21.Qc2 c5 22.Rd2 Rac8 23.dxc5 Qxc5 
24.Rgd1 Red8 25.b4 Qxc3 26.Qxc3 Rxc3+ 27.Kb2 Rxf3 
28.Kb1 Nc7 29.R2d4 Rh3 30.Rxf4 Rxa3 31.Rc1 Bxb4 
32.Rxb4 Rh3 33.Rxc7 1-0

[Event "HCL-C4073"]
[Site "www.playchess.de"]
[Date "2006.02.09"]
[Round "9"]
[White "IRONMAIDEN"]
[Black "JerryReneau"]
[WhiteElo "1354"]
[BlackElo "1079"]
[PlyCount "124"]
[Result "0-1"]

1.e4 e5 2.Nf3 d6 3.Bc4 h6 4.d3 Be7 5.O-O Nf6 6.Qd2 
O-O 7.Nh4 Nh5 8.Nf5 Bg5 9.Qe2 Nf4 10.Qf3 Nc6 
11.Bxf4 Bxf4 12.g3 Bg5 13.c3 Be6 14.b3 Bxf5 
15.Qxf5 g6 16.Qf3 Na5 17.Na3 Nxc4 18.Nxc4 b6 
19.Rad1 Qf6 20.Qxf6 Bxf6 21.f4 exf4 22.d4 fxg3 
23.hxg3 Be7 24.e5 d5 25.Ne3 c6 26.Ng4 h5 27.Nf6+ 
Bxf6 28.Rxf6 c5 29.Rdf1 cxd4 30.cxd4 Rab8 31.Rd6 
Rfd8 32.Rff6 Rxd6 33.Rxd6 a5 34.Rxd5 Kg7 35.Rd6 
Rb7 36.Kf2 Kh6 37.d5 Kg5 38.e6 fxe6 39.Rxe6 Kf5 
40.Re2 Rd7 41.Rd2 Ke5 42.Kf3 Rxd5 43.Rxd5+ Kxd5 
44.Kf4 Ke6 45.Kg5 Kf7 46.a3 b5 47.Kf4 Kf6 48.g4 h4 
49.Kf3 Ke5 50.Kg2 Kf4 51.g5 Kxg5 52.Kf3 Kf5 53.a4 
bxa4 54.bxa4 g5 55.Kg2 Kg4 56.Kh2 Kh5 57.Kh3 g4+ 
58.Kh2 Kg5 59.Kg2 Kf4 60.Kh2 Kf3 61.Kh1 g3 62.Kg1 
g2 0-1

[Event "HCL-A2554"]
[Site "www.playchess.de"]
[Date "2006.02.09"]
[Round "20"]
[White "mrchess"]
[Black "GCP"]
[WhiteElo "1437"]
[BlackElo "1404"]
[PlyCount "85"]
[Result "1-0"]

1.d4 {good luck}  Nf6 {... a dejavù ! the same to 
you}  2.e3 g6 3.c4 c5 4.Nf3 Bg7 5.Qc2 O-O 6.Nc3 
cxd4 7.Nxd4 Nc6 8.g3 d5 9.cxd5 Nxd5 10.Bg2 Nxc3 
11.bxc3 Nxd4 12.cxd4 Rb8 13.Rb1 b6 14.Ba3 Ba6 
15.Qa4 Bb7 16.Bxb7 Rxb7 17.O-O Re8 18.Rfc1 e5 
19.dxe5 Bxe5 20.Rc6 b5 21.Rxb5 Rxb5 22.Qxb5 Qb8 
{(offering draw)}  23.Qc4 {i am a pawn ahead so i 
would try to win}  Kg7 {that's right... so I have 
to think a plan :))
 let's play then}  24.Bb4 Re6 25.Rxe6 fxe6 26.a3 
Bd6 27.Bxd6 Qxd6 28.Qd4+ Qxd4 29.exd4 Kf6 30.f3 
Kf5 31.Kf2 g5 32.Ke3 g4 33.f4 h5 34.a4 a5 35.Kd3 
h4 36.Ke3 h3 37.Kd3 Kf6 38.Ke4 Kf7 39.d5 Ke7 
40.Ke5 exd5 41.Kxd5 Kf6 42.Ke4 Ke6 
43.f5+ 1-0

[Event "HCL-C4054"]
[Site "www.playchess.de"]
[Date "2006.02.09"]
[Round "15"]
[White "daveboy6968"]
[Black "Idris"]
[WhiteElo "1008"]
[BlackElo "880"]
[PlyCount "69"]
[Result "1-0"]

1.e4 {hi good luck + happy new year ;-)}  e5 {Good 
luck to you too....and again. All the best for 
2006.}  2.Bc4 {cheers u2 :-)}  Qe7 {'Round 
spherically objects!', never learn do I? lol.}  
3.d3 {just enjoy thats the thing :-)}  d6 
{Indeed:)}  4.Ne2 Be6 5.Bxe6 Qxe6 6.c4 Nd7 7.b4 
Be7 8.Na3 Ngf6 9.Nb5 Bd8 10.Bg5 Be7 11.Nxc7+ Kd8 
12.Nxe6+ {ta :-)}  fxe6 {No probs. A brainstorm I 
think made me put that bish back. :)}  13.Ng3 h6 
14.Bxf6 {;-) happens all to often to us doesn't it 
:-)}  gxf6 15.Nh5 f5 {Trouble is....as the years 
fly...( I cannot believe Jan is already two thirds 
gone!)...it gets worse:) Luvly innit?}  16.Ng7 {i 
quite agree is time speeding up or what where does 
time go?i guess our lives are so busy we dont 
appreciate the time so much :-(}  Nf8 {Makes 
sense:( have heard one theory: Its like this. As 
you get older the perception of a year grows 
smaller. Ie a 10 year old thinks a year is a wow 
long length of time. When you're 42 a year looks 
awfully smaller. Does this make sense?}  17.Qh5 {i 
guess so but i still think its mainly because 
lifes so hectic :-(}  Kd7 {Makes more sense}  
18.exf5 exf5 19.Qxf5+ {hows you chess going in 
general?}  Kc7 {not well:(}  20.Ne6+ {i know the 
feeling :-0}  Nxe6 {lol}  21.Qxe6 Bg5 22.Qf7+ {be 
good now i need to win :-) dont make me chase you 
:-),i'll bet your looking forward to the six 
nations kicking off?}  Kc6 {I shall as ever fight 
to the end:)
The six nations looks intereting this year. 
England are back in form. Wales got a few probs. 
Dont think Wales will be up to it this year. But 
who knows. England favourites I think.}  23.b5+ {i 
hope england can do it but i have nagging doubts 
after last year :-0}  Kc5 {The wheels certainly 
fell off on occasion}  24.Qd5+ {certainly did 
after the world cup win}  Kb4 {I think the 
6-nations is going to be close this year. Anyone 
from Ireland, France, England and Wales could do 
it. I think two or three teams might just end up 
with the same pionts at the end. Could be a good 
season of rugger:)}  25.Qxd6+ {that would be great 
to have a realy close competition :-)}  Kc3 {It 
woould be good.....now england or wales will walk 
off with no losses. lol}  26.Qa3+ {:-)}  Kd4 {:-<} 
 27.O-O {half time england are up :-) my fingers 
are crossed :-)}  Rhe8 {Well that seemed to work. 
I new Wales would struggle second half. With a few 
key men out, and one sin-binned. They didnt stand 
a chance}  28.Rad1 {england did dominate the 
second half rather :-)}  e4 {Just a tad:)}  
29.dxe4+ Kxe4 30.Rfe1+ Kf5 {Scotland have been 
playing well, got the French on the back foot. 
Good game.}  31.Qc5+ {ive missed the game how is 
it going/gone ?}  Kg6 {I imagine you know Scotland 
beat France}  32.g3 {i do by now ,well theres a 
turn up for the books well done in our other game 
:-0}  Be7 {Thanks:) The Scots looked up for it as 
soon as they put ther feet on the pitch. The 
French just couldnt respond in time. Another five 
mins of extra time and it could have beome 
interesting.}  33.Re6+ {well seeing as france were 
pre tourny favourites i guess scotland need a big 
pat on the back :-)}  Kf7 {They certainly do. Good 
performance}  34.Qf5+ {:-)}  Bf6 {:(}  
35.Rxf6+ 1-0

[Event "HCL-B3859"]
[Site "www.playchess.de"]
[Date "2006.02.09"]
[Round "10"]
[White "IRONMAIDEN"]
[Black "Snillie"]
[WhiteElo "1236"]
[BlackElo "1504"]
[PlyCount "56"]
[Result "0-1"]

1.d4 Nf6 2.Nf3 e6 3.Bg5 Be7 4.Nc3 b6 5.e3 Bb7 
6.Be2 d5 7.Bxf6 Bxf6 8.O-O O-O 9.Bd3 Nd7 10.Nd2 c5 
11.Nf3 a6 12.dxc5 Nxc5 13.Nd4 Nxd3 14.Qxd3 Rc8 
15.Rae1 Qc7 16.Kh1 Qc4 17.Qxc4 Rxc4 18.Red1 Rfc8 
19.g3 e5 20.Nf3 d4 21.Ne2 Bxf3+ 22.Kg1 Bxe2 
23.exd4 exd4 24.c3 Bxf1 25.Kxf1 dxc3 26.bxc3 R4xc3 
27.Rd6 R3c6 28.Rd7 g6 0-1

[Event "HCL-M835"]
[Site "www.playchess.de"]
[Date "2006.02.09"]
[Round "30"]
[White "jonaslo"]
[Black "edmonte"]
[WhiteElo "1764"]
[BlackElo "2162"]
[PlyCount "46"]
[Result "0-1"]

1.e4 {Hi again, have a good game!}  e5 2.Nf3 Qe7 
3.Nc3 c6 4.d4 d6 5.Bg5 Nf6 6.h3 g6 7.Qd2 Bg7 
8.O-O-O O-O 9.d5 c5 10.Bh6 Bxh6 11.Qxh6 a6 12.g4 
b5 13.g5 Nh5 14.Be2 b4 15.Na4 Nf4 16.Rde1 Qc7 
17.b3 Bb7 18.Nb2 f5 19.exf5 Nxe2+ 20.Rxe2 Bxd5 
21.Re3 Rxf5 22.h4 Bxf3 23.Rg1 Nc6 0-1

[Event "HCL-B3810"]
[Site "www.playchess.de"]
[Date "2006.02.09"]
[Round "5"]
[White "sundfar"]
[Black "farah"]
[WhiteElo "1265"]
[BlackElo "1577"]
[PlyCount "99"]
[Result "1-0"]

1.d4 {hello}  Nf6 2.c4 g6 3.Nc3 Bg7 4.Bg5 O-O 5.e3 
d6 6.Nf3 Bg4 7.Be2 c5 8.dxc5 dxc5 9.Nb5 a6 10.Qxd8 
Rxd8 11.Nc7 Ra7 12.Bf4 Nc6 13.O-O Ne4 14.Nd5 Bxf3 
15.Bxf3 Nd2 16.Rfd1 Nxf3+ 17.gxf3 Raa8 18.Bc7 Rde8 
19.Bb6 Rac8 20.Rab1 Ne5 21.f4 Nxc4 22.b3 Nxb6 
23.Nxb6 Rcd8 24.Nd7 Rdc8 25.Rbc1 Red8 26.Rd5 e6 
27.Rdxc5 Rxc5 28.Nxc5 Rc8 29.Nd3 Rxc1+ 30.Nxc1 b5 
31.Nd3 Bf8 32.Kg2 Bd6 33.Kf3 f5 34.h3 b4 35.Ke2 
Kf7 36.Ne5+ Ke7 37.Kd3 a5 38.Nc6+ Kd7 39.Nxa5 e5 
40.fxe5 Bxe5 41.Kc4 Bd6 42.Kb5 g5 43.Nb7 Bf8 
44.Nc5+ Kd6 45.Nd3 Kd5 46.Nxb4+ Ke4 47.a4 Bg7 
48.a5 Kf3 49.a6 Bd4 50.exd4 1-0

[Event "HCL-M864"]
[Site "www.playchess.de"]
[Date "2006.02.09"]
[Round "6"]
[White "boniek"]
[Black "aldo"]
[WhiteElo "1810"]
[BlackElo "1869"]
[PlyCount "58"]
[Result "0-1"]

1.d4 {hi good game}  Nf6 2.c4 g6 3.Nc3 d5 4.Nf3 
Bg7 5.Qc2 O-O 6.e3 c5 7.cxd5 cxd4 8.Nxd4 Nxd5 
9.Bc4 Nxc3 10.bxc3 Qc7 11.Bd3 Nc6 12.O-O Ne5 
13.Nb5 Qb8 14.Be4 a6 15.Nd4 Bd7 16.Ba3 Re8 17.Rab1 
Nc4 18.Bc5 b5 19.Bxa8 Qxa8 20.Rfd1 e5 21.Ne2 Bf5 
22.Qb3 Be4 23.Ng3 Bxb1 24.Qxb1 Qc6 25.Ne4 f5 
26.Nd6 Re6 27.Nxc4 Qxc5 28.Na5 Qxc3 29.Nb7 
Rc6 0-1

[Event "HCL-C4098"]
[Site "www.playchess.de"]
[Date "2006.02.09"]
[Round "6"]
[White "aidogael"]
[Black "nichju"]
[WhiteElo "1126"]
[BlackElo "1010"]
[PlyCount "119"]
[Result "1-0"]

1.e4 e5 2.Nf3 Nc6 3.Bc4 d6 4.O-O Nf6 5.Nc3 Be6 
6.Bxe6 fxe6 7.d4 exd4 8.Nxd4 Nxd4 9.Qxd4 e5 10.Qd1 
c6 11.a3 d5 12.exd5 cxd5 13.Bg5 d4 14.Ne2 Be7 
15.Ng3 h6 16.Bxf6 Bxf6 17.Re1 O-O 18.Nf5 Qd7 
19.Ng3 Bh4 20.Qh5 Bxg3 21.hxg3 Rf5 22.Qd1 g5 23.f4 
exf4 24.gxf4 Rxf4 25.Qh5 Qg7 26.Re8+ Rxe8 27.Qxe8+ 
Rf8 28.Qe6+ Kh8 29.Rf1 Rxf1+ 30.Kxf1 Qf8+ 31.Ke2 
h5 32.Qe5+ Qg7 33.Qxg7+ Kxg7 34.Kd3 h4 35.Kxd4 g4 
36.Ke4 g3 37.Kf3 Kf6 38.Kg4 Ke5 39.Kxh4 Kf4 40.Kh3 
a5 41.b4 a4 42.c4 Ke4 43.Kxg3 Kd4 44.Kf3 Kxc4 
45.g4 Kb3 46.g5 Kxa3 47.g6 Kb3 48.g7 a3 49.g8Q+ 
Kb2 50.Qg7+ Kb3 51.Qa1 b5 52.Ke3 Kxb4 53.Qa2 Ka4 
54.Kd3 b4 55.Kc2 b3+ 56.Qxb3+ Ka5 57.Qxa3+ Kb5 
58.Qc3 Ka4 59.Qc4+ Ka3 60.Qb3+ 1-0

[Event "HCL-E1554"]
[Site "www.playchess.de"]
[Date "2006.02.09"]
[Round "1"]
[White "takesa"]
[Black "q77ro"]
[WhiteElo "1604"]
[BlackElo "1533"]
[PlyCount "33"]
[Result "1-0"]

1.e4 b6 2.Nf3 Bb7 3.Nc3 e6 4.d4 Bb4 5.Bd3 Bxc3+ 
6.bxc3 h6 7.Qe2 Nf6 8.e5 Nd5 9.Bd2 O-O 10.g4 f5 
11.gxf5 exf5 12.Rg1 Kh8 13.O-O-O Qe7 14.Kb2 d6 
15.Rg3 f4 16.Qe4 g5 17.Rh3 1-0

[Event "HCL-C4118"]
[Site "www.playchess.de"]
[Date "2006.02.09"]
[Round "1"]
[White "Ruka"]
[Black "Innessa"]
[WhiteElo "991"]
[BlackElo "884"]
[PlyCount "56"]
[Result "0-1"]

1.d4 d5 {Hi !  Good luck !}  2.Nc3 e6 3.Nf3 {Hi 
Inessa - Good luck to you !}  Nf6 4.e3 Bb4 5.Bd2 
O-O 6.Bd3 g6 7.O-O Nbd7 8.Nb5 Bxd2 9.Qxd2 Ne4 
10.Qb4 c5 11.Qa4 a6 12.Na3 cxd4 13.Nxd4 Ndc5 
14.Qc4 Nxd3 15.Qxd3 b5 16.Nc6 Qf6 17.f3 Ng5 18.f4 
Ne4 19.Ne5 b4 20.Nb1 a5 21.Qb5 Ba6 22.Qc6 Bxf1 
23.Kxf1 Qh4 24.g3 Qxh2 25.Ng4 Qh1+ 26.Ke2 Rac8 
27.Qa6 Rxc2+ 28.Kd3 Qd1+ 0-1

[Event "HCL-A2564"]
[Site "www.playchess.de"]
[Date "2006.02.09"]
[Round "34"]
[White "RUDI"]
[Black "GCP"]
[WhiteElo "1282"]
[BlackElo "1413"]
[PlyCount "66"]
[Result "0-1"]

1.d4 {ciao, how are you?}  Nf6 {fine thanks, 
welcome in A class :))
have a good tournament}  2.Nc3 g6 3.Bf4 d6 4.e3 
Bg7 5.Nf3 Nh5 6.Bd3 Nxf4 7.O-O Nxd3 8.Qxd3 Nd7 
9.Ne2 c5 10.c3 O-O 11.Rad1 b6 12.Ng3 Bb7 13.Qe2 
Rc8 14.a3 cxd4 15.exd4 Nf6 16.h3 Nd5 17.Qd2 a5 
18.Rfe1 e6 19.Ne4 b5 20.Nfg5 b4 21.cxb4 axb4 
22.axb4 Bh6 23.Qe2 Nxb4 24.Qf3 Bxg5 25.Nxg5 Bxf3 
26.Nxf3 Nc2 27.Re2 Qb6 28.Red2 Qxb2 29.Ne1 Qb3 
30.R2d3 Qb4 31.Nxc2 Rxc2 32.d5 Qb6 33.dxe6 
Qxf2+ 0-1

[Event "HCL-B3822"]
[Site "www.playchess.de"]
[Date "2006.02.09"]
[Round "17"]
[White "quant"]
[Black "IRONMAIDEN"]
[WhiteElo "1503"]
[BlackElo "1337"]
[PlyCount "71"]
[Result "1-0"]

1.e4 {hallo..eine schönes Spiele!}  e5 {Hallo, 
ebenfalls!}  2.Nf3 Nc6 3.Bb5 Bd6 4.c3 a6 5.Ba4 b5 
6.Bb3 Nf6 7.d3 O-O 8.g4 Nxg4 9.Rg1 Nf6 10.Bh6 Nh5 
11.Ng5 g6 12.Bxf8 Qxf8 13.Bxf7+ Qxf7 14.Nxf7 Kxf7 
15.Qf3+ Ke8 16.Nd2 Nf4 17.h4 Be7 18.h5 d6 19.hxg6 
hxg6 20.Rh1 Bf6 21.Rh7 Ne7 22.O-O-O Be6 23.Kb1 Kd7 
24.Nf1 a5 25.d4 b4 26.d5 Bg8 27.Rh2 Bf7 28.cxb4 
axb4 29.Ne3 c6 30.dxc6+ Nxc6 31.Nd5 Bxd5 32.exd5 
Nd4 33.Rxd4 exd4 34.Rh7+ Be7 35.Qxf4 Rf8 
36.Qxf8 1-0

[Event "HCL-B3839"]
[Site "www.playchess.de"]
[Date "2006.02.09"]
[Round "9"]
[White "arsenio"]
[Black "PhilipKaveny"]
[WhiteElo "1117"]
[BlackElo "1353"]
[PlyCount "58"]
[Result "0-1"]

1.e4 c5 2.Nf3 d6 3.d4 cxd4 4.Nxd4 Nc6 5.Nc3 a6 
6.a4 g6 7.Be2 Bg7 8.Be3 Nf6 9.O-O O-O 10.f4 e5 
11.Nxc6 bxc6 12.fxe5 dxe5 13.Qxd8 Rxd8 14.Rad1 Bb7 
15.a5 Bf8 16.Bb6 Rxd1 17.Bxd1 Be7 18.Na4 Nxe4 
19.Re1 f5 20.g4 Bh4 21.Rf1 Nd2 22.Nc5 Bc8 23.Nd3 
Nxf1 24.Kxf1 Bf6 25.gxf5 Bxf5 26.b3 Bxd3+ 27.cxd3 
Bd8 28.Bf3 Bxb6 29.axb6 Rb8 0-1

[Event "HCL-B3779"]
[Site "www.playchess.de"]
[Date "2006.02.09"]
[Round "1"]
[White "vulcan"]
[Black "superyetkin"]
[WhiteElo "1161"]
[BlackElo "1286"]
[PlyCount "60"]
[Result "0-1"]

1.e4 b6 2.d4 Bb7 3.Nc3 Nf6 4.Bg5 h6 5.Bxf6 exf6 
6.Bc4 Bb4 7.Nge2 Bxe4 8.a3 Bxc3+ 9.Nxc3 Bg6 10.O-O 
O-O 11.Bd3 Bxd3 12.Qxd3 Re8 13.Rfe1 Nc6 14.h3 g6 
15.Ne2 f5 16.Nf4 Rxe1+ 17.Rxe1 Qf6 18.Nd5 Qxd4 
19.Qxd4 Nxd4 20.Nxc7 Rc8 21.Re8+ Rxe8 22.Nxe8 Kf8 
23.Nf6 Nxc2 24.Nxd7+ Ke7 25.Ne5 Nd4 26.Kf1 Ke6 
27.f4 g5 28.fxg5 Kxe5 29.gxh6 Kf6 30.h7 
Kg7 0-1

[Event "HCL-C4042"]
[Site "www.playchess.de"]
[Date "2006.02.09"]
[Round "8"]
[White "surak"]
[Black "OTERO"]
[WhiteElo "1112"]
[BlackElo "800"]
[PlyCount "74"]
[Result "0-1"]

1.e4 e5 2.Nf3 Nc6 3.Bb5 a6 4.Ba4 Nf6 5.O-O Be7 
6.Re1 b5 7.Bb3 d6 8.h3 Na5 9.c3 Nxb3 10.Qxb3 Be6 
11.Qc2 O-O 12.d4 d5 13.dxe5 Nxe4 14.Nbd2 Nxd2 
15.Bxd2 c5 16.a4 Qb6 17.axb5 axb5 18.Rab1 Ra2 
19.Ng5 Bxg5 20.Bxg5 Rc8 21.Be3 d4 22.cxd4 cxd4 
23.Bxd4 Qxd4 24.Qe2 b4 25.Red1 Qf4 26.g3 Qc4 
27.Qxc4 Bxc4 28.b3 Be6 29.Rd4 Bxh3 30.Rxb4 h6 
31.Rb7 Be6 32.b4 Rcc2 33.Rf1 Bc4 34.Re1 Rcxf2 
35.b5 Rfg2+ 36.Kh1 Rgh2+ 37.Kg1 
Rag2+ 0-1

[Event "HCL-A2599"]
[Site "www.playchess.de"]
[Date "2006.02.09"]
[Round "2"]
[White "dynamike"]
[Black "Aggie"]
[WhiteElo "1451"]
[BlackElo "1325"]
[PlyCount "29"]
[Result "1-0"]

1.e4 e5 2.Nf3 Nc6 3.d4 exd4 4.Nxd4 Nge7 5.Bf4 g6 
6.Nc3 Bg7 7.Ndb5 Ne5 8.Nd5 Nxd5 9.Qxd5 d6 10.O-O-O 
Qf6 11.Nxc7+ Kd8 12.Bxe5 Qg5+ 13.f4 Qh6 14.Qxd6+ 
Bd7 15.Qxd7+ 1-0

[Event "HCL-E1575"]
[Site "www.playchess.de"]
[Date "2006.02.09"]
[Round "4"]
[White "freno"]
[Black "Duffy"]
[WhiteElo "1586"]
[BlackElo "1612"]
[PlyCount "46"]
[Result "0-1"]

1.c4 {Hello from Paris}  e6 {Greetings from USA, & 
Good game!}  2.d3 c5 3.Nc3 d5 4.Bf4 Nc6 5.cxd5 
exd5 6.Nf3 Nf6 7.h3 Bd6 8.Bxd6 Qxd6 9.e3 O-O 
10.Be2 Re8 11.O-O b6 12.d4 Bf5 13.Bd3 Bxd3 14.Qxd3 
cxd4 15.Nxd4 Ne5 16.Qe2 Ne4 17.Nxe4 dxe4 18.Rfd1 
Qg6 19.a3 Nd3 20.Nc2 Nxb2 21.Rd4 Nd3 22.Nb4 Ne5 
23.Rad1 Nf3+ 0-1

[Event "HCL-E1569"]
[Site "www.playchess.de"]
[Date "2006.02.09"]
[Round "10"]
[White "BohdanL"]
[Black "Wernswig"]
[WhiteElo "1532"]
[BlackElo "1372"]
[PlyCount "63"]
[Result "1-0"]

1.c4 {hi, have a nice game}  e5 {hello, same to 
you too}  2.g3 Nc6 3.Bg2 Nf6 4.Nc3 d6 5.d3 Be7 
6.Nf3 O-O 7.O-O Be6 8.Bg5 Qd7 9.Rb1 Ne8 10.b4 Bxg5 
11.Nxg5 h6 12.Nxe6 fxe6 13.b5 Ne7 14.Bxb7 Rb8 
15.Bg2 Nf6 16.Qa4 c5 17.bxc6 Qc7 18.Nb5 Qc8 
19.Nxd6 Qc7 20.Nb5 Qc8 21.c7 Rb6 22.Qxa7 Ra6 
23.Qc5 Rxa2 24.Qxe7 Rxe2 25.Nd6 Qd7 26.Qxd7 Nxd7 
27.Bc6 Nc5 28.Rb8 Nxd3 29.Rxf8+ Kxf8 30.c8Q+ Ke7 
31.Qd7+ Kf8 32.Qf7+ {thank you for the game, and 
good luck in others}  1-0

[Event "HCL-A2586"]
[Site "www.playchess.de"]
[Date "2006.02.09"]
[Round "25"]
[White "RUDI"]
[Black "dynamike"]
[WhiteElo "1258"]
[BlackElo "1431"]
[PlyCount "66"]
[Result "0-1"]

1.d4 {Grüße Dich!}  Nf6 {Hallo, auch in der 
A-Klasse gelandet ?! Du wolltest mich doch 
loswerden :)}  2.Nc3 {Schicksal, das uns 
verbindet. Wie es aussieht, bleibe ich nicht 
lange...Oder Du lässt mich mal gewinnen. Das 
"Loswerden" ist ja nicht persönlich gemeint, Du 
bist halt ein besserer Spieler. Ich versuch`mein 
Bestes!}  g6 {Ich hab nur mehr Glück :) Freiwillig 
gewinnen laß ich keinen; aber ich patze schon mal 
gerne}  3.e4 {schon okay, neues Spiel, neues 
Glück...}  d6 4.Bg5 Bg7 5.e5 dxe5 6.dxe5 Qxd1+ 
7.Rxd1 Ng4 8.e6 Bxe6 9.Bd2 O-O {Rückzüge sind auch 
Züge :)}  10.Bd3 {ja, Umzüge auch}  a6 {... und 
Vorzüge ... ach nee}  11.Nf3 {nee}  Nc6 {Aus 
welcher Stadt kommst denn Du ? Schon Karten für 
die Fußball-WM ergattert ?}  12.O-O 
{München-Neuried. WM ist mir mittlerweile zu 
kommerziell, mein Verein kickt momentan in Liga 2, 
mit Option auf ein weiteres Jahr, wie es aussieht} 
 Nge5 {Das Vergabeverfahren für die WM war 
irgendwie kurios. Ich weiß noch nicht einmal, wer 
hier in Stuttgart so spielen wird. Ich hätte ja zu 
gerne mal die Brasilianer oder den zukünftigen 
Weltmeister Holland gesehen :)}  13.Nxe5 {Holland? 
Weltmeister? Wann?}  Nxe5 {na in diesem Jahr 
natürlich...schließlich wird sich die holländische 
Mannschaft wie zuhause fühlen...werden ja sowieso 
nur Holländer im Stadion sein. Schließlich ist 
Holland die Nr. 2 nach Brasilien (Deutschland ist 
irgendwo hinter Griechenland)}  14.Bf4 {was Johnny 
Cruyff nicht geschafft hat, schafft in Holland 
keiner, leider. Wie gesagt, das Nationale ist mir 
nicht so wichtig. Von mir aus auch Holland. Oder 
die Schweiz.}  Nxd3 {Sie spielen einfach den 
schönsten Fußball.In Holland ist es wichtiger, daß 
die Mannschaft schön spielt, nicht erfolgreich. 
Holland hatte mal 2:0 gewonnen aber nicht schön  
und die Zeitungen in Holland schrieben: 
"Katastrophe, Sie spielten deutsch, pfui"}  
15.Rxd3 {Ist doch doof - sie spielten Deutsch. Da 
ist immer etwas rassistisches zwischen Deutschland 
und Holland, dabei sind sich ja beide so ähnlich. 
Aber attraktiv sollte der Sport schon anzusehen 
sein, ja.}  c6 {Sie spielten deutsch sollte eben 
heißen unansehnlich aber erfolgreich und das kann 
man ja leider nicht bestreiten, daß das deutsche 
Spiel dafür steht. Die Holländer können die 
deutschen wg. des 2. Weltkrieges nicht leiden. 
Rassistisch, das sind sie nicht.}  16.b3 {nein, 
nein, aber die Aussagen der Zeitungen, mit England 
ist es glaube ich noch schlimmer. Unansehnlich 
wird es für mich nur, wenn zu viele FCB-Spieler 
dabei sind...}  Rad8 17.Ne2 {Dein 
Kombinationsspiel ist - fußballerisch gesehen 
holländisch. Meins Österreichisch - spiele nicht 
schön und gewinne auch nix...}  Rxd3 {Och, ich 
kombiniere gar nicht, ich spiele doch nur so dahin 
und freue mich immer, wenn Du mir einen Bauern zum 
mampfen schenkst. Das einzige worauf ich achte: 
"Bauern sind stark, wenn sie zusammenspielen" - 
anders als Dein d3-Bauer}  18.cxd3 Rd8 19.Rd1 {der 
hat keine Angst vor nix}  Bf5 {wer hat schon Angst 
davor geschlagen zu werden :)}  20.g3 Rxd3 {Sc1 
Lb2 hatte ich ja gedacht ... aber g3 macht es mir 
einfacher :)}  21.Re1 {prima!}  e5 {Echt ? Na gut, 
wenn Dir die Bauern total egal sind, gib mir doch 
einfach auch noch die anderen :)}  22.Be3 Be4 
23.a3 Rxb3 24.Rd1 Rb1 25.Nc3 Rxd1+ 26.Nxd1 f5 
27.Nc3 Bd3 28.Nd1 Bf8 29.Bc1 b5 {Laß es mich so 
sagen: "Du bist total fertig" :-) 3 Bauern und das 
starke Läuferpaar - keine Chance mehr!}  30.Nb2 
Bc2 31.Kf1 Bxa3 32.Nd3 Bxd3+ {Na, dann sag ich mal 
"Schach" :)}  33.Ke1 {Mist, das hab ich übersehen} 
 Bxc1 {Es war ohnehin nicht mehr zu halten ! Die 
Bauern hätten Dich einfach überrannt} 
 0-1

[Event "HCL-A2488"]
[Site "www.playchess.de"]
[Date "2006.02.09"]
[Round "10"]
[White "Genesio"]
[Black "saemi"]
[WhiteElo "1102"]
[BlackElo "1673"]
[PlyCount "72"]
[Result "0-1"]

1.e4 {Welcome!}  e5 {Hello from Iceland}  2.Nf3 
Nc6 3.Bb5 a6 4.Ba4 Nf6 5.O-O Be7 6.d3 d6 7.Be3 b5 
8.Bb3 Na5 9.Nbd2 Nxb3 10.Nxb3 O-O 11.c3 Bf5 
12.exf5 Qd7 13.Nh4 Nd5 14.Qg4 Bxh4 15.Qxh4 Qxf5 
16.d4 exd4 17.Nxd4 Qd3 18.Rfe1 c5 19.Rad1 Qc4 
20.Nf5 Nxe3 21.Rxe3 Qxh4 22.Nxh4 Rfe8 23.Rde1 Kf8 
24.Nf5 Rxe3 25.Rxe3 g6 26.Nxd6 Rd8 27.Rd3 Ke7 
28.b4 Rxd6 29.Rxd6 {(offering draw)}  Kxd6 {I want 
to try some more}  30.Kf1 cxb4 31.cxb4 Kd5 32.Ke2 
Kc4 33.Kd2 Kxb4 34.Kc2 Ka3 35.Kc3 b4+ 36.Kc2 
Kxa2 0-1